00349nam a2200145Ia 4500008004100000020001500041041000800056082001600064100001400080245002500094250000600119260004800125300000800173650002200181210716s2004 xx 000 0 und d a8176486876 aeng a004.65 PANS aPankaj S. aComputer networking. a1 aNew DelhibAPH Publishing Corporationc2004 a566 aComputer Networks